000
00172 a2200085 4500
041
_a
spa
100
_a
Neruda, Pablo
245
_a
Confieso que he vivido memorias
942
_c
BK
999
_c
14714
_d
14714